Rosa Xia
Cornell MATLAB
Categories
Literature - European Literature | 3 | 2 | 0 | 0 | 65 | 52 | 70.20 | 4 | 5 |
Literature - American Literature | 2 | 0 | 0 | 0 | 30 | 47 | 64.00 | 1 | 2 |
Literature - British Literature | 2 | 0 | 0 | 0 | 30 | 31 | 43.00 | 2 | 2 |
Science - Biology | 1 | 1 | 1 | 0 | 20 | 60 | 92.50 | 2 | 2 |
0 | 2 | 0 | 1 | 20 | 118 | 128.00 | 2 | 2 | |
Other Arts: Visual | 1 | 0 | 0 | 0 | 15 | 31 | 31.00 | 1 | 1 |
Other Science: Earth Science | 0 | 1 | 0 | 0 | 10 | 133 | 133.00 | 1 | 1 |
Beliefs | 0 | 1 | 0 | 0 | 10 | 115 | 115.00 | 1 | 1 |
Science - Chemistry | 0 | 1 | 0 | 1 | 10 | 122 | 122.00 | 0 | 1 |
Fine Arts - Visual Fine Arts | 0 | 1 | 0 | 0 | 10 | 78 | 78.00 | 1 | 1 |